MARC details
| 000 -CABECERA |
| campo de control de longitud fija |
01745nam a2200409 i 4500 |
| 001 - NÚMERO DE CONTROL |
| campo de control |
000042441 |
| 003 - IDENTIFICADOR DEL NÚMERO DE CONTROL |
| campo de control |
DO-SdBNP |
| 005 - FECHA Y HORA DE LA ÚLTIMA TRANSACCIÓN |
| campo de control |
20240306134451.0 |
| 006 - CÓDIGOS DE INFORMACIÓN DE LONGITUD FIJA--CARACTERÍSTICAS DEL MATERIAL ADICIONAL |
| campo de control de longitud fija |
a||||gr|||| 00| 0 |
| 007 - CAMPO FIJO DE DESCRIPCIÓN FÍSICA--INFORMACIÓN GENERAL |
| campo de control de longitud fija |
ta |
| 008 - DATOS DE LONGITUD FIJA--INFORMACIÓN GENERAL |
| campo de control de longitud fija |
090723e2003 dr agc r 001 m spa d |
| 020 ## - NÚMERO INTERNACIONAL ESTÁNDAR DEL LIBRO |
| Número Internacional Estándar del Libro |
9993487740 |
| 040 ## - FUENTE DE LA CATALOGACIÓN |
| Centro catalogador/agencia de origen |
DO-SdBNP |
| Lengua de catalogación |
spa |
| Centro/agencia transcriptor |
BNPHU |
| Normas de descripción |
rda |
| 082 #4 - NÚMERO DE LA CLASIFICACIÓN DECIMAL DEWEY |
| Número de clasificación |
781.63 |
| Número de documento/Ítem |
P438me |
| Número de edición |
22 |
| 100 1# - ENTRADA PRINCIPAL--NOMBRE DE PERSONA |
| Nombre de persona |
Pérez de Cuello, Catana, |
| Término indicativo de función/relación |
autor |
| 9 (RLIN) |
84804 |
| 245 13 - MENCIÓN DE TÍTULO |
| Título |
El merengue : |
| Resto del título |
música y baile de la República Dominicana / |
| Mención de responsabilidad, etc. |
Catana Pérez de Cuello, Rafael Solano; fotografías, Mariano Hernández |
| 264 ## - PRODUCCIÓN, PUBLICACIÓN, DISTRIBUCIÓN, FABRICACIÓN Y COPYRIGHT |
| Producción, publicación, distribución, fabricación y copyright |
Santo Domingo : |
| Nombre del de productor, editor, distribuidor, fabricante |
Amigo del hogar, |
| Fecha de producción, publicación, distribución, fabricación o copyright |
2003. |
| 300 ## - DESCRIPCIÓN FÍSICA |
| Extensión |
479 páginas : |
| Otras características físicas |
ilustraciones, música, retratos ; |
| Dimensiones |
28 cm. |
| 336 ## - TIPO DE CONTENIDO |
| Fuente |
rdacontent |
| Término de tipo de contenido |
texto |
| Código de tipo de contenido |
txt |
| 337 ## - TIPO DE MEDIO |
| Fuente |
rdamedia |
| Nombre/término del tipo de medio |
sin mediación |
| Código del tipo de medio |
n |
| 338 ## - TIPO DE SOPORTE |
| Fuente |
rdacarrier |
| Nombre/término del tipo de soporte |
volumen |
| Código del tipo de soporte |
nc |
| 490 ## - MENCIÓN DE SERIE |
| Mención de serie |
Cultura Codetel ; |
| Designación de volumen o secuencia |
6 |
| 500 ## - NOTA GENERAL |
| Nota general |
Incluye datos biográficos de los autores en las páginas [480 - 481]. |
| 500 ## - NOTA GENERAL |
| Nota general |
Incluye índice |
| 505 0# - NOTA DE CONTENIDO CON FORMATO |
| Nota de contenido con formato |
Presentación -- |
| Título |
Génesis del merengue, raíces, trayectoria y difusión en el siglo XIX / |
| Mención de responsabilidad |
Catana Pérez de Cuello -- |
| Título |
Entre dos siglos: música y músicos del merengue / |
| Mención de responsabilidad |
Rafael Solano -- |
| Título |
Fuentes de las fotografías -- |
| -- |
Sobre los autores. |
| 590 ## - NOTA LOCAL (RLIN) |
| Nota local |
Inventariado 2024 / MF |
| 650 #4 - PUNTO DE ACCESO ADICIONAL DE MATERIA--TÉRMINO DE MATERIA |
| Término de materia o nombre geográfico como elemento de entrada |
Merengue (baile) |
| Subdivisión geográfica |
República Dominicana |
| 9 (RLIN) |
13132 |
| 650 #4 - PUNTO DE ACCESO ADICIONAL DE MATERIA--TÉRMINO DE MATERIA |
| Término de materia o nombre geográfico como elemento de entrada |
Merengue (música) |
| Subdivisión general |
Caribe (región) |
| 9 (RLIN) |
17682 |
| 650 #4 - PUNTO DE ACCESO ADICIONAL DE MATERIA--TÉRMINO DE MATERIA |
| Término de materia o nombre geográfico como elemento de entrada |
Música popular dominicana |
| Subdivisión general |
Historia |
| 9 (RLIN) |
13134 |
| 650 #4 - PUNTO DE ACCESO ADICIONAL DE MATERIA--TÉRMINO DE MATERIA |
| Término de materia o nombre geográfico como elemento de entrada |
Grupos musicales |
| 9 (RLIN) |
13135 |
| 650 #4 - PUNTO DE ACCESO ADICIONAL DE MATERIA--TÉRMINO DE MATERIA |
| Término de materia o nombre geográfico como elemento de entrada |
Orquetas bailables |
| 9 (RLIN) |
13136 |
| 650 #4 - PUNTO DE ACCESO ADICIONAL DE MATERIA--TÉRMINO DE MATERIA |
| Término de materia o nombre geográfico como elemento de entrada |
Instrumentos musicales |
| 9 (RLIN) |
13137 |
| 700 1# - PUNTO DE ACCESO ADICIONAL--NOMBRE DE PERSONA |
| Nombre de persona |
Solano, Rafael, |
| Fechas asociadas al nombre |
1931- |
| 9 (RLIN) |
42963 |
| Término indicativo de función/relación |
autor |
| 700 1# - PUNTO DE ACCESO ADICIONAL--NOMBRE DE PERSONA |
| Nombre de persona |
Hernández, Mariano, |
| 9 (RLIN) |
59875 |
| Término indicativo de función/relación |
fotografías |
| 910 ## - DATOS DE OPCIÓN DEL USUARIO (OCLC) |
| Datos de opción del usuario |
Validado. Control de calidad MFF |
| 942 ## - ELEMENTOS DE PUNTO DE ACCESO ADICIONAL (KOHA) |
| Fuente del sistema de clasificación o colocación |
Dewey Decimal Classification |
| Tipo de ítem Koha |
Libro |